[Event "POL-chT 2nd League"]
[Site "Jastrzebia Gora"]
[Date "2023.09.08"]
[Round "7.22"]
[White "Piotrowski, Przemyslaw"]
[Black "Komendecki, Antoni"]
[Result "0-1"]
[WhiteElo "2258"]
[BlackElo "1951"]
[PlyCount "94"]
[EventDate "2023.09.02"]
[EventType "team-swiss"]
[EventRounds "9"]
[EventCountry "POL"]
[SourceTitle "EXT 2024"]
[Source "ChessBase"]
[SourceDate "2023.10.10"]
[SourceVersion "1"]
[SourceVersionDate "2023.10.10"]
[SourceQuality "1"]
[WhiteTeam "Wisznia Mala Bialy Krol"]
[BlackTeam "Legnica Miedz"]
[WhiteTeamCountry "POL"]
[BlackTeamCountry "POL"]

1. Nf3 c5 2. c4 Nc6 3. Nc3 g6 4. g3 Bg7 5. Bg2 e5 6. 0-0 Nge7 7. e3 0-0 8. d4 exd4 9. exd4 Nxd4 10. Nxd4 cxd4 11. Nd5 Nxd5 12. Bxd5 d6 13. Qf3 Rb8 14. Bf4 Be6 15. Rfe1 Qd7 16. Qa3 Bxd5 17. cxd5 Rfd8 18. Qxa7 Qb5 19. Bxd6 Rbc8 20. Ba3 Qxd5 21. Rad1 h5 22. Re7 Bf8 23. Rxb7 d3 24. Bxf8 Qf3 25. Rxf7 Qxf7 26. Qxf7+ Kxf7 27. Bb4 Rc2 28. Bc3 Ke6 29. Kg2 Kf5 30. Kf3 g5 31. h3 g4+ 32. hxg4+ hxg4+ 33. Kg2 Ke4 34. a4 Re2 35. Bd2 Rf8 36. Bf4 Rxb2 37. a5 Ra2 38. Re1+ Kd4 39. Be3+ Kc3 40. Rc1+ Rc2 41. Ra1 Re2 42. a6 Rxe3 43. fxe3 Kb2 44. Ra5 d2 45. Rd5 Kc2 46. Rc5+ Kd3 47. Rd5+ Ke2 0-1

[Event "POL-chT 2nd League"]
[Site "Jastrzebia Gora"]
[Date "2023.09.02"]
[Round "1.10"]
[White "Komendecki, Antoni"]
[Black "Borowski, Przemyslaw"]
[Result "1-0"]
[WhiteElo "1951"]
[BlackElo "1794"]
[PlyCount "67"]
[EventDate "2023.09.02"]
[EventType "team-swiss"]
[EventRounds "9"]
[EventCountry "POL"]
[SourceTitle "EXT 2024"]
[Source "ChessBase"]
[SourceDate "2023.10.10"]
[SourceVersion "1"]
[SourceVersionDate "2023.10.10"]
[SourceQuality "1"]
[WhiteTeam "Legnica Miedz"]
[BlackTeam "Zarow Goniec"]
[WhiteTeamCountry "POL"]
[BlackTeamCountry "POL"]

1. e4 g6 2. d4 Bg7 3. Nf3 d6 4. Nc3 c6 5. Be2 b5 6. a3 Nf6 7. Bf4 0-0 8. Qd2 Nbd7 9. Bh6 Nb6 10. h4 Bxh6 11. Qxh6 Ng4 12. Qf4 h5 13. Nh2 e5 14. dxe5 Nxe5 15. g4 hxg4 16. Nxg4 Nxg4 17. Bxg4 Bxg4 18. Qxg4 Nc4 19. h5 Qf6 20. 0-0-0 a5 21. hxg6 fxg6 22. Qh3 Ra7 23. e5 Qxe5 24. Rde1 Qg7 25. Re6 b4 26. Qd3 Ne5 27. Qxd6 bxc3 28. Rxe5 cxb2+ 29. Kb1 Rd7 30. Qe6+ Qf7 31. Qh3 Qg7 32. Qb3+ Qf7 33. Re6 Qg7 34. Rxg6+ 1-0

[Event "POL-ch Blitz U18"]
[Site "Bydgoszcz"]
[Date "2023.08.31"]
[Round "8"]
[White "Komendecki, Antoni"]
[Black "Rosol, Philip"]
[Result "1/2-1/2"]
[WhiteElo "1843"]
[BlackElo "2030"]
[PlyCount "89"]
[EventDate "2023.08.28"]
[EventType "swiss"]
[EventRounds "10"]
[EventCountry "POL"]
[SourceTitle "EXT 2024"]
[Source "ChessBase"]
[SourceDate "2023.10.10"]
[SourceVersion "1"]
[SourceVersionDate "2023.10.10"]
[SourceQuality "1"]

1. e4 c5 2. Nf3 e6 3. d4 cxd4 4. Nxd4 Nc6 5. Nxc6 bxc6 6. c4 e5 7. Bd3 Nf6 8. 0-0 d6 9. Nc3 Be7 10. f3 Be6 11. Be3 0-0 12. Qd2 a5 13. b3 Qd7 14. Rfd1 Rab8 15. Na4 Bd8 16. Qc3 Bc7 17. Rac1 Qe7 18. Bf1 h6 19. Rc2 Rfd8 20. Bc1 Bb6+ 21. Nxb6 Rxb6 22. Qxa5 Rbb8 23. Qc3 Qc7 24. Rcd2 c5 25. Kh1 Qc6 26. a3 Rd7 27. b4 cxb4 28. axb4 Rc8 29. Rc2 Rdc7 30. c5 dxc5 31. bxc5 Qxc5 32. Qxc5 Rxc5 33. Rxc5 Rxc5 34. Bb2 Nd7 35. h3 f6 36. Ba3 Rc3 37. Bb4 Rb3 38. Bd2 Kf7 39. Kg1 Nc5 40. Rc1 Nd3 41. Rc7+ Kg6 42. Bxd3 Rxd3 43. Bb4 Rd7 44. Rxd7 Bxd7 45. Kf2 1/2-1/2

[Event "POL-ch Rapid U18"]
[Site "Bydgoszcz"]
[Date "2023.08.30"]
[Round "7"]
[White "Butkiewicz, Jan"]
[Black "Komendecki, Antoni"]
[Result "0-1"]
[WhiteElo "1792"]
[BlackElo "1801"]
[PlyCount "68"]
[EventDate "2023.08.28"]
[EventType "swiss"]
[EventRounds "11"]
[EventCountry "POL"]
[SourceTitle "EXT 2024"]
[Source "ChessBase"]
[SourceDate "2023.10.10"]
[SourceVersion "1"]
[SourceVersionDate "2023.10.10"]
[SourceQuality "1"]

1. d4 f5 2. c4 Nf6 3. Nc3 e6 4. g3 Bb4 5. Bg2 0-0 6. Nf3 d6 7. 0-0 Bxc3 8. bxc3 Nbd7 9. Ba3 Ne4 10. Qd3 b6 11. Nd2 Nxd2 12. Qxd2 Rb8 13. Rab1 Ba6 14. Rb4 c5 15. Ra4 Bxc4 16. Rxc4 b5 17. dxc5 bxc4 18. Qxd6 Nf6 19. Qxe6+ Kh8 20. Qxc4 Qa5 21. Bb4 Qc7 22. Qe6 Rfe8 23. Qd6 Qf7 24. c6 Ne4 25. Bxe4 fxe4 26. Rd1 e3 27. f3 Qxa2 28. Qd3 Rbc8 29. Qd4 Qxe2 30. Rf1 Rxc6 31. Qd7 Rcc8 32. Bc5 Rcd8 33. Qc6 Qd2 34. Bd4 e2 0-1

[Event "POL-ch Rapid U18"]
[Site "Bydgoszcz"]
[Date "2023.08.30"]
[Round "8"]
[White "Mulawa, Cyprian"]
[Black "Komendecki, Antoni"]
[Result "1/2-1/2"]
[WhiteElo "2109"]
[BlackElo "1801"]
[PlyCount "114"]
[EventDate "2023.08.28"]
[EventType "swiss"]
[EventRounds "11"]
[EventCountry "POL"]
[SourceTitle "EXT 2024"]
[Source "ChessBase"]
[SourceDate "2023.10.10"]
[SourceVersion "1"]
[SourceVersionDate "2023.10.10"]
[SourceQuality "1"]

1. Nf3 c5 2. g3 g6 3. Bg2 Bg7 4. 0-0 Nc6 5. c3 d5 6. d4 cxd4 7. cxd4 Nf6 8. Nc3 0-0 9. Ne5 Bf5 10. Nxc6 bxc6 11. Bf4 Nd7 12. Qd2 e5 13. dxe5 Nxe5 14. b3 Re8 15. Rac1 Qa5 16. Rfd1 Rac8 17. Na4 Qxd2 18. Rxd2 Nd7 19. Be3 d4 20. Bf4 Re6 21. e4 Bxe4 22. Bxe4 Rxe4 23. Nc5 Nxc5 24. Rxc5 Bf8 25. Rc4 c5 26. b4 Ree8 27. bxc5 Bxc5 28. Rdc2 d3 29. R2c3 Rcd8 30. Rxc5 d2 31. Bxd2 Rxd2 32. Ra5 Re1+ 33. Kg2 Ree2 34. Rf3 Rxa2 35. Rc5 Re7 36. h4 Kg7 37. Rc8 h5 38. Rf4 a5 39. Ra8 Rb7 40. Ra6 Ra1 41. Ra8 Re7 42. Ra6 Re6 43. Ra7 Rf6 44. Rxf6 Kxf6 45. Kf3 a4 46. Kf4 a3 47. Ra6+ Kg7 48. Ra7 a2 49. Kf3 Kf6 50. Ra6+ Ke5 51. Ra5+ Kd4 52. Ra8 f6 53. Rd8+ Kc3 54. Rc8+ Kd2 55. Ra8 g5 56. hxg5 fxg5 57. Kg2 Kd3 1/2-1/2

[Event "POL-chT 2nd League"]
[Site "Jastrzebia Gora"]
[Date "2022.09.11"]
[Round "9.45"]
[White "Kaniak, Monika"]
[Black "Komendecki, Antoni"]
[Result "0-1"]
[WhiteElo "1824"]
[BlackElo "1768"]
[PlyCount "80"]
[EventDate "2022.09.03"]
[EventType "team-swiss"]
[EventRounds "9"]
[EventCountry "POL"]
[SourceTitle "CBM 210 Extra"]
[Source "ChessBase"]
[SourceDate "2022.11.30"]
[SourceVersion "1"]
[SourceVersionDate "2022.11.30"]
[SourceQuality "1"]
[WhiteTeam "Warszawa Mogalo"]
[BlackTeam "Legnica Miedz"]
[WhiteTeamCountry "POL"]
[BlackTeamCountry "POL"]

1. d4 d5 2. Nf3 Nf6 3. c4 e6 4. Nc3 c6 5. e3 Bd6 6. Bd3 0-0 7. 0-0 Nbd7 8. a3 dxc4 9. Bxc4 e5 10. Qc2 exd4 11. exd4 Nb6 12. Be2 Qc7 13. Ne4 Nbd5 14. Nxd6 Qxd6 15. Ne5 Ne7 16. Qc5 Ne4 17. Qxd6 Nxd6 18. Bf4 Nd5 19. Bd2 Re8 20. Rfe1 Be6 21. Rac1 f6 22. Nd3 Nb5 23. Nc5 Nxd4 24. Nxb7 Reb8 25. Ba6 Bf7 26. Be3 Nc7 27. Bxd4 Nxa6 28. Rxc6 Nb4 29. Rc7 Nd5 30. Rd7 Be8 31. Rxd5 Rxb7 32. b4 a6 33. f3 Bb5 34. g4 Bc6 35. Rf5 Rb5 36. Bc5 Re8 37. Rxe8+ Bxe8 38. g5 Kf7 39. f4 Ke6 40. a4 Rb7 0-1

[Event "POL-chT 2nd League"]
[Site "Sypniewo"]
[Date "2021.09.10"]
[Round "7.16"]
[White "Komendecki, Antoni"]
[Black "Kelm, Robert1111"]
[Result "1-0"]
[WhiteElo "1845"]
[BlackElo "1661"]
[PlyCount "55"]
[EventDate "2021.09.04"]
[EventType "team-swiss"]
[EventRounds "9"]
[EventCountry "POL"]
[SourceTitle "CBM 204 Extra"]
[Source "ChessBase"]
[SourceDate "2021.11.30"]
[SourceVersion "1"]
[SourceVersionDate "2021.11.30"]
[SourceQuality "1"]
[WhiteTeam "Legnica Miedz II"]
[BlackTeam "Lodz Okucia Budowlane"]
[WhiteTeamCountry "POL"]
[BlackTeamCountry "POL"]

1. e4 c5 2. Nf3 e6 3. d4 cxd4 4. Nxd4 Nf6 5. Nc3 d6 6. Be2 Nc6 7. Be3 Be7 8. g4 a6 9. g5 Nd7 10. h4 Qc7 11. f4 Nb6 12. Nxc6 Qxc6 13. Qd4 Nd7 14. Qxg7 Rf8 15. 0-0-0 Nc5 16. Qxh7 Bd7 17. g6 0-0-0 18. g7 Rg8 19. e5 f5 20. Bh5 Ne4 21. Nxe4 Qxe4 22. Bd2 Ba4 23. b3 dxe5 24. Kb1 Bf6 25. Ba5 b6 26. Rxd8+ Rxd8 27. Re1 exf4 28. Rxe4 1-0

[Event "POL-chT 2nd League"]
[Site "Sypniewo"]
[Date "2021.09.07"]
[Round "4.15"]
[White "Komendecki, Antoni"]
[Black "Geraschenko, Dmitry"]
[Result "0-1"]
[WhiteElo "1845"]
[BlackElo "1851"]
[PlyCount "50"]
[EventDate "2021.09.04"]
[EventType "team-swiss"]
[EventRounds "9"]
[EventCountry "POL"]
[SourceTitle "CBM 204 Extra"]
[Source "ChessBase"]
[SourceDate "2021.11.30"]
[SourceVersion "1"]
[SourceVersionDate "2021.11.30"]
[SourceQuality "1"]
[WhiteTeam "Legnica Miedz II"]
[BlackTeam "Kalisz KTS"]
[WhiteTeamCountry "POL"]
[BlackTeamCountry "POL"]

1. e4 e5 2. Nf3 Nc6 3. d4 exd4 4. Nxd4 Nf6 5. Nc3 Bb4 6. Nxc6 bxc6 7. Bd3 a5 8. 0-0 0-0 9. Qf3 Ba6 10. Rd1 Bxd3 11. cxd3 Ne8 12. d4 Qf6 13. Qe2 Bxc3 14. bxc3 Qe6 15. Qd3 Nd6 16. Ba3 Rfe8 17. Bxd6 cxd6 18. f3 d5 19. exd5 Qxd5 20. c4 Qg5 21. d5 Re3 22. Qd2 Rae8 23. Re1 cxd5 24. Qxa5 h6 25. cxd5 Re2 0-1

[Event "Polanica Zdroj op-C 56th"]
[Site "Polanica Zdroj"]
[Date "2020.08.21"]
[Round "7"]
[White "Komendecki, Jacek"]
[Black "Komendecki, Antoni"]
[Result "1/2-1/2"]
[WhiteElo "2024"]
[BlackElo "1631"]
[PlyCount "29"]
[EventDate "2020.08.15"]
[EventType "swiss"]
[EventRounds "9"]
[EventCountry "POL"]
[SourceTitle "CBM 198 Extra"]
[Source "ChessBase"]
[SourceDate "2020.11.30"]
[SourceVersion "1"]
[SourceVersionDate "2020.11.30"]
[SourceQuality "1"]

1. d4 Nf6 2. c4 e6 3. Nc3 b6 4. Nf3 Bb7 5. g3 Be7 6. Bg2 0-0 7. 0-0 d5 8. cxd5 Nxd5 9. Re1 Nxc3 10. bxc3 c5 11. e4 Nc6 12. Be3 cxd4 13. cxd4 Rc8 14. Rc1 Nb4 15. Rxc8 1/2-1/2

[Event "Polanica Zdroj op-C 56th"]
[Site "Polanica Zdroj"]
[Date "2020.08.16"]
[Round "2"]
[White "Janzer, Hubert"]
[Black "Komendecki, Antoni"]
[Result "1-0"]
[WhiteElo "1893"]
[BlackElo "1631"]
[PlyCount "63"]
[EventDate "2020.08.15"]
[EventType "swiss"]
[EventRounds "9"]
[EventCountry "POL"]
[SourceTitle "CBM 198 Extra"]
[Source "ChessBase"]
[SourceDate "2020.11.30"]
[SourceVersion "1"]
[SourceVersionDate "2020.11.30"]
[SourceQuality "1"]

1. e4 e5 2. Nf3 Nc6 3. Nc3 Nf6 4. Bb5 Bb4 5. 0-0 d6 6. Nd5 Nxe4 7. Nxb4 Ng5 8. Nxc6 Qd7 9. Nxa7 c6 10. Nxc8 Rxc8 11. Bc4 Nxf3+ 12. Qxf3 0-0 13. Re1 d5 14. Bb3 e4 15. Qh3 Qe7 16. d3 Rce8 17. Qg3 g6 18. Bh6 f5 19. Bxf8 Rxf8 20. dxe4 Re8 21. Qe3 fxe4 22. f3 c5 23. Bxd5+ Kf8 24. Qh6+ Qg7 25. Qxg7+ Kxg7 26. Rxe4 Rf8 27. Re7+ Kf6 28. Rxh7 Ke5 29. Rf7 Re8 30. Re1+ Kxd5 31. Rxe8 Kd6 32. Rg7 1-0

[Event "POL-chT U20 2nd League"]
[Site "Sypniewo"]
[Date "2020.??.??"]
[Round "3.3"]
[White "Cieply, Krzysztof"]
[Black "Komendecki, Antoni"]
[Result "0-1"]
[WhiteElo "1573"]
[BlackElo "1801"]
[PlyCount "80"]
[EventDate "2020.10.23"]
[EventType "team-swiss"]
[EventRounds "9"]
[EventCountry "POL"]
[SourceTitle "CBM 199 Extra"]
[Source "ChessBase"]
[SourceDate "2021.01.31"]
[SourceVersion "1"]
[SourceVersionDate "2021.01.31"]
[SourceQuality "1"]

1. e4 c5 2. Nf3 g6 3. d4 cxd4 4. Nxd4 Bg7 5. Nc3 Nc6 6. Be3 Nf6 7. f3 0-0 8. Bc4 Qb6 9. Qd2 Nxe4 10. fxe4 Bxd4 11. Bxd4 Qxd4 12. Qxd4 Nxd4 13. 0-0-0 Nc6 14. Nd5 Rb8 15. Bb5 Re8 16. Bc4 d6 17. h3 Be6 18. Bb3 Bxd5 19. Bxd5 Ne5 20. Rhf1 b5 21. Rf2 Rec8 22. Kb1 a5 23. a3 a4 24. Rd4 Rc5 25. c3 Kg7 26. Rd1 Rbc8 27. Rfd2 h5 28. Rf2 Rf8 29. Kc2 f6 30. Be6 Nc6 31. Kb1 Re5 32. Bd5 Nd8 33. Rd4 Ne6 34. Rdd2 Nc5 35. Rd4 Rc8 36. Rf3 e6 37. Ba2 Nxe4 38. Rdd3 d5 39. Rd1 Rg5 40. Rfd3 Nf2 0-1

[Event "POL-chT U20 2nd League"]
[Site "Sypniewo"]
[Date "2020.??.??"]
[Round "8.14"]
[White "Jendrowiak, Maciej"]
[Black "Komendecki, Antoni"]
[Result "1/2-1/2"]
[WhiteElo "1382"]
[BlackElo "1801"]
[PlyCount "91"]
[EventDate "2020.10.23"]
[EventType "team-swiss"]
[EventRounds "9"]
[EventCountry "POL"]
[SourceTitle "CBM 199 Extra"]
[Source "ChessBase"]
[SourceDate "2021.01.31"]
[SourceVersion "1"]
[SourceVersionDate "2021.01.31"]
[SourceQuality "1"]

1. d4 Nf6 2. Nf3 g6 3. c4 c5 4. d5 e6 5. Nc3 exd5 6. cxd5 d6 7. e4 Bg7 8. Bd3 a6 9. a4 0-0 10. 0-0 Re8 11. Bg5 Qc7 12. Nd2 Nbd7 13. f4 Rb8 14. Re1 Nb6 15. a5 Nbd7 16. Qe2 b5 17. axb6 Nxb6 18. Qf1 Ng4 19. h3 Bd4+ 20. Kh1 Ne3 21. Qf3 c4 22. Bb1 Nexd5 23. Qg3 Nxc3 24. bxc3 Bg7 25. Bc2 Bb7 26. Ba4 Nxa4 27. Rxa4 d5 28. e5 Qd7 29. Ra3 Qf5 30. Qf2 h6 31. Bh4 Rbc8 32. Kh2 g5 33. fxg5 Qxf2 34. Bxf2 Bxe5+ 35. Kg1 hxg5 36. Nf3 f6 37. Rb1 Re7 38. Bd4 Bxd4+ 39. Nxd4 Rcc7 40. Nf5 Red7 41. Ra2 Kf7 42. Re1 Bc8 43. Rae2 Ra7 44. Re8 Rac7 45. Rh8 Kg6 46. g4 1/2-1/2